Boxing in Haryana: an analytical study (Record no. 393733)

MARC details
000 -LEADER
fixed length control field 00451nam a22001697a 4500
005 - DATE & TIME
control field 20251027161550.0
008 - FIXED-LENGTH DATA ELEMENTS--GENERAL INFORMATION
fixed length control field 251027b |||||||| |||| 00| 0 eng d
040 ## - CATALOGING SOURCE
Original cataloging agency VIVEKANANDA LIBRARY
082 ## - DDC NUMBER
Classification number 796.83
Book Number S56B
100 ## - MAIN ENTRY--PERSONAL NAME
Personal name Sandeep
245 ## - TITLE STATEMENT
Title Boxing in Haryana: an analytical study
260 ## - PUBLICATION, DISTRIBUTION, ETC. (IMPRINT)
Name of publisher, distributor, etc Department of Physical Education, M D University, Rohtak
Date of publication, distribution, etc 2024
300 ## - PHYSICAL DESCRIPTION
Pages 201
650 ## - Subject
Subject Physical Education
700 ## - Added Entry Personal Name
Added Entry Personal Name Sanjeev Kumar
942 ## - ADDED ENTRY ELEMENTS (KOHA)
Koha item type Thesis
Holdings
Withdrawn status Lost status Source of classification or shelving scheme Damaged status Not for loan Location (home branch) Sublocation or collection (holding branch) Shelving location Date acquired Koha issues (times borrowed) Koha full call number Accession No. Koha date last seen Copy number Koha item type
    Dewey Decimal Classification     VIVEKANANDA LIBRARY VIVEKANANDA LIBRARY Vivekananda Library 27/10/2025   796.83 S56B 411179 27/10/2025 R Thesis
© Designed and Maintained by Vivekananda Library, MDU Rohtak